02685cam a2200517 4500001001400000003000400014005001700018008004100035015001600076020003500092035002800127035002700155035004100182040002700223041001300250044001100263072008100274072002900355080002000384080001900404080001600423080001600439100002200455240006600477245011500543264002900658300003700687336002600724337002900750338002900779490001700808500003500825504005000860520096900910650002301879650002001902650003801922650002101960650002401981655002402005655003902029655002502068655002802093700002902121830001702150vtls011999862VRT20230101195555.0220509s2020 xo oa grhf 000 0dslo  aSNBA2020/11 a9788099975027q(brožované) aurn:nbn:sk:snk-am00ggff aurn:nbn:sk:snk-am3j6z6 a2CDE1ECD-9DE1-433B-A38D-A65096D09A85 aSVKPObslocSVKPOerda1 asloheng axocSK 7a159.93/.94xSenzorické a motorické funkcie. Emócie. Vôľa2konspekt 7a929xBiografie2konspekt a159.947.522011 a17.024.422011 a(035)22011 a(092)220111 aAdams, Scott4aut10aHow to fail at almost everything and still win biglSlovensky10aAko zlyhať takmer vo všetkom a predsa vyhraťcScott Adams ; z angličtiny preložil Lukáš Bendík 1a[Žilina]bBajkalc2020 a256 stránbilustráciec21 cm atextbtxt2rdacontent abez médiabn2rdamedia azväzokbnc2rdacarrier1 aKnihy Bajkal aMiesto vydania podľa NA ISBN aObsahuje bibliografické odkazy a poznámky aScott Adams pravdepodobne v živote zlyhal viackrát než ktokoľvek z nás. Ako sa mu teda podarilo vypracovať sa z pozície nevýznamného korporačného zamestnanca a viacnásobne neúspešného podnikateľa na tvorcu jedného z najznámejších komiksov z pracovného prostredia Dilbert? Adams tvrdí, že zlyhanie môže byť naším priateľom a dokonca základom budúceho úspechu. Neúspech treba privítať, pozorovať a nenechať odísť skôr, kým ho nerozporciujeme a nevyťažíme z neho čokoľvek pozitívne, čo nás môže posunúť vpred. Adams sám úprimne odkrýva vlastné zlyhania a ukazuje spôsob, ako sa postupne naučil systematicky zlyhávať smerom k úspechu. Napriek zranenému egu dokázal zo svojich neúspechov vyťažiť niekoľko nepravdepodobných a užitočných lekcií, o ktoré sa s humorom sebe vlastným podelí s čitateľmi tejto knihy.07amotivácia2SNKPH07aúspech2SNKPH07aMotivation (psychology)2SNKPHeng07aSucces2SNKPHeng07asebareflexia2SNKPH 7apríručky2SNKPH 7aHandbooks, manuals, etc.2SNKPHeng 7aautobiografie2SNKPH 7aAutobiography2SNKPHeng1 aBendík, Lukáš4trl 0aKnihy Bajkal